Sports Quiz

Random Sports or NHL Quiz

NHL Top 300 most points in a single season Quiz Stats

 Plays Quiz not verified by Sporcle

Score 0/300 Timer 20:00
0 Plays Today
Pts Player % Correct
215Wayne Gretzky
99.1%
199Mario Lemieux
97.1%
149Jaromir Jagr
95.3%
155Steve Yzerman
94.3%
139Bobby Orr
93.9%
120Sidney Crosby
93.4%
131Brett Hull
92.6%
107Bobby Hull
92.5%
90Dennis Hull
92.4%
129Mark Messier
92%
112Alex Ovechkin
91.8%
116Connor McDavid
89.9%
125Joe Thornton
89.9%
132Teemu Selänne
89.6%
120Joe Sakic
89.5%
152Phil Esposito
89%
112Henrik Sedin
88.7%
104Daniel Sedin
88.7%
147Mike Bossy
88.6%
135Jari Kurri
88.6%
102Martin St. Louis
87.2%
103Jacques Richard
87.1%
113Evgeni Malkin
86.9%
103Gordie Howe
86.4%
82Mark Howe
86.3%
115Eric Lindros
86%
116Peter Forsberg
85.8%
138Paul Coffey
85.4%
125Luc Robitaille
85.4%
108Vincent Lecavalier
84.9%
136Guy Lafleur
84.6%
98Jarome Iginla
84.2%
105Leon Draisaitl
84%
137Marcel Dionne
83.8%
148Pat LaFontaine
83.8%
89Jamie Benn
83.7%
114Mats Sundin
83.6%
103Daniel Alfredsson
83%
94Mitch Marner
82.8%
96Aleksander Barkov
82.4%
134Bryan Trottier
82.1%
110Pavel Bure
82%
142Adam Oates
81.9%
119Ron Francis
81.9%
105Dany Heatley
81.4%
98Steven Stamkos
81.2%
119Bobby Clarke
81.2%
120Sergei Fedorov
81%
98Ilya Kovalchuk
80.9%
99Nathan MacKinnon
80.9%
139Peter Stastny
80.7%
92Anton Stastny
80.7%
89Marian Stastny
80.6%
131Denis Savard
80.3%
97Marc Savard
80.3%
93Mike Modano
80.2%
93Taylor Hall
80.1%
127Alexander Mogilny
79.8%
128Nikita Kucherov
79.7%
123Kevin Stevens
79.6%
108Paul Kariya
79.3%
104Markus Naslund
79.2%
110Mats Naslund
79.2%
127Doug Gilmour
78.6%
107Jeremy Roenick
78.3%
96Raymond Bourque
78%
96Patrik Elias
78%
92Brayden Point
77.9%
110Patrick Kane
77.8%
130Dale Hawerchuk
77.7%
123Mark Recchi
77.5%
91Brad Richards
77.3%
97Pavel Datsyuk
77.3%
92Jonathan Huberdeau
77%
100Marian Hossa
76.7%
100Eric Staal
75.6%
114Bobby Smith
75.5%
98Corey Perry
75.5%
97John LeClair
75.4%
92Henrik Zetterberg
75.4%
105Glenn Anderson
75.3%
104Theoren Fleury
74.8%
83Brent Burns
74.7%
102Brendan Shanahan
74.5%
82Jack Eichel
74.3%
101Nicklas Bäckström
74.1%
91Blake Wheeler
74.2%
100Brad Marchand
74%
92Jason Spezza
73.6%
97Stan Mikita
73.3%
84Tyler Seguin
73.2%
150Bernie Nicholls
73.2%
132Pierre Turgeon
73.2%
92Cam Neely
72.5%
98Milan Hejduk
72.4%
86Patrick Marleau
72.4%
102Claude Giroux
72.3%
99Johnny Gaudreau
72.3%
91Ryan Getzlaf
72.2%
103Al MacInnis
72%
Pts Player % Correct
99Dave Andreychuk
71.7%
102Brian Leetch
71.5%
82Sean Monahan
71%
98Lanny McDonald
70.5%
85Andy McDonald
70.4%
95Joe Nieuwendyk
70.4%
98Keith Tkachuk
70.2%
113Gilbert Perreault
69.4%
101Denis Potvin
69.1%
95Alex Kovalev
69%
97Todd Bertuzzi
69%
94Zach Parise
68.8%
83Sebastian Aho
68.5%
121Michel Goulet
68.2%
85Jakub Voracek
68.2%
117Darryl Sittler
68.1%
91Jean Beliveau
67.9%
102Mike Gartner
67.7%
83Evgeny Kuznetsov
67.3%
116John Bucyk
66.6%
106Dino Ciccarelli
66.5%
94Alexei Yashin
66.5%
85Peter Bondra
65.9%
84Thomas Vanek
65.6%
100Rene Robert
65.3%
92Phil Kessel
64.8%
97Rod Brind'Amour
64.6%
88John Tavares
64.2%
84Alexander Semin
64.2%
84Jeff Carter
63.9%
95Danny Briere
63.4%
104Doug Weight
63.2%
115Rob Brown
63.1%
86Marian Gaborik
63%
107Bernie Federko
62.9%
84Tony Amonte
62.4%
84Owen Nolan
62.2%
93Jonathan Cheechoo
62.2%
97Vincent Damphousse
62.1%
112Dave Taylor
61.9%
110Joe Mullen
61.8%
102Brent Sutter
61.8%
83Brian Sutter
61.7%
105Steve Shutt
61.2%
84Mark Scheifele
61%
90Gary Roberts
61%
85Mathew Barzal
60.4%
101Steve Larmer
59.8%
84Scott Gomez
59.8%
97Phil Housley
59.5%
87Mikko Rantanen
59.4%
109Jean Ratelle
59.3%
112Bill Barber
59.2%
87Artemi Panarin
58.9%
96Frank Mahovlich
58.6%
117Pete Mahovlich
58.6%
95Rick Martin
58.4%
90Pit Martin
58.4%
99Brian Bellows
58.3%
97Rod Gilbert
58%
92Anze Kopitar
58%
136Dennis Maruk
57.9%
131Kent Nilsson
57.7%
85Larry Robinson
57.4%
85Larry Murphy
56.8%
90Ziggy Palffy
56.8%
82Joe Murphy
56.8%
99Troy Murray
56.4%
92Glen Murray
56.4%
83Alex Delvecchio
56.3%
89Brian Gionta
56.2%
97Jacques Lemaire
56.2%
85Bill Guerin
55.8%
91Olli Jokinen
55.6%
91Reggie Leach
55.5%
95Bernie Geoffrion
55.3%
109Rick Tocchet
55%
89Pat Verbeek
54.3%
105Rick Middleton
54.1%
107Jimmy Carson
54%
91Gary Suter
53.6%
94Kirk Muller
53.5%
95Martin Straka
53.5%
105Neal Broten
53.3%
83Aaron Broten
53.3%
98Tim Kerr
53.3%
106Hakan Loob
53.2%
101Paul MacLean
52.6%
87John MacLean
52.6%
94Blair MacDonald
52.4%
85Ted Lindsay
52.3%
82Lowell MacDonald
52.3%
97Brian Propp
52.2%
87Yvan Cournoyer
51.9%
93Rick Vaive
51.4%
105Charlie Simmer
51.4%
89Sergei Zubov
50.9%
91Clark Gillies
50.6%
106Craig Janney
50.1%
110John Cullen
50%
Pts Player % Correct
89Geoff Sanderson
49.9%
93Pavol Demitra
49.6%
91Stephane Richer
49.3%
105Ken Hodge
49.3%
83Ray Whitney
48.6%
87Steve Thomas
48.2%
88Thomas Steen
48.1%
90Craig Simpson
48.1%
99Petr Nedved
47.7%
102Joe Juneau
47.2%
105John Ogrodnick
46.8%
89Tomas Sandström
46.4%
111Pierre Larouche
46.3%
100Rick MacLeish
46.3%
95Jason Allison
46%
87Mark Johnson
46%
85Doug Wilson
44.7%
104Jean Pronovost
44.6%
88Stan Smyl
44.6%
106Vic Hadfield
44.6%
116Barry Pederson
44.3%
85Norm Ullman
44.1%
95Tim Young
43.9%
88Andy Bathgate
43.6%
100John Tonelli
43.4%
96Dickie Moore
43.3%
82Brad Park
43.2%
82Dave Gagner
43.1%
87Butch Goring
43%
93Ray Sheppard
43%
88Rick Kehoe
42.5%
89Danny Gare
42.4%
89Kevin Dineen
42.3%
82Michael Cammalleri
41.6%
105Mike Rogers
41.2%
100Blaine Stoughton
40.4%
95Gary Leeman
40.2%
89Wayne Cashman
39.9%
83Mike Ribeiro
39.9%
95Bob Carpenter
39.6%
103Mike Bullard
38.8%
99Syl Apps
38.3%
85Valeri Kamensky
37.9%
83Garry Unger
37.8%
107Guy Chouinard
37.5%
85Cliff Ronning
37.2%
83Michael Nylander
36.2%
90Terry O'Reilly
36.1%
93Robert Reichel
36%
86Tony Tanti
36%
90Ed Olczyk
35.7%
96Wayne Babych
34.9%
91Patrik Sundström
34.6%
86Brian Bradley
34.5%
97Wilf Paiement
34.2%
89Mike Ridley
34%
86Sergei Makarov
32.9%
86Al Secord
32%
83Randy Carlyle
31.9%
92Ken Linseman
31.5%
93Mickey Redmond
31.2%
108Bob MacMillan
31.1%
83Andrew Brunette
30.1%
97Real Cloutier
29.7%
83Dave Christian
29.4%
93Gerard Gallant
29.3%
86Peter McNab
29%
82Tony Granato
29%
85Andrew Cassels
28.7%
94Dan Quinn
28.6%
87Danny Grant
27.7%
89Steve Vickers
26.8%
82Tom Lysiak
26.6%
88Mike Krushelnyski
26.2%
89Ron Duguay
26%
83Ivan Boldirev
23.9%
93Al MacAdam
22.7%
85Steve Payne
22.3%
86Thomas Gradin
21.9%
83Eric Vail
21.5%
92Jim Pappin
21.1%
92Morris Lukowich
21%
87Ryan Walter
20.5%
82Red Berenson
20.3%
88Keith Acton
20.3%
82Dennis Hextall
20%
88Walt Poddubny
20%
87Mel Bridgman
20%
83Jim Fox
19.2%
84Bill Derlago
17.8%
84Keith Crowder
16.4%
86Dale McCourt
15.4%
82Mark Pavelich
15.1%
82Herb Cain
14.6%
87Blake Dunlop
14.1%
82Guy Charron
13.5%
85Brian MacLellan
13.2%
85Chuck Lefley
12.7%
86Ron Schock
11.8%
82Walt McKechnie
10.6%

You're not logged in!

Compare scores with friends on all Sporcle quizzes.
OR
Log In

Sporcle TV

Today on Sporcle TV


Watch our educational content, quiz creation guides, and fun videos on Sporcle TV.

Show Comments

Extras

Top Quizzes Today


Score Distribution

Your Account Isn't Verified!

In order to create a playlist on Sporcle, you need to verify the email address you used during registration. Go to your Sporcle Settings to finish the process.

Report this User

Report this user for behavior that violates our Community Guidelines.

Details: